|
|
|
|
| LEADER |
00000naa2a2200000 4500 |
| 001 |
426574 |
| 005 |
20250205063154.0 |
| 035 |
|
|
|a (RuTPU)RU\TPU\prd\85333
|
| 090 |
|
|
|a 426574
|
| 100 |
|
|
|a 20100709a2003 k y0rusy50 ca
|
| 101 |
0 |
|
|a rus
|
| 102 |
|
|
|a RU
|
| 200 |
1 |
|
|a Структурные и химические превращения в природных минералах при нагревании
|f А. Ю. Годымчук, А. П. Ильин, В. И. Верещагин
|
| 330 |
|
|
|a В работе на примере природных кальций-магниевых минералов силикатных и карбонатных пород различных месторождений изучены структурные и химические превращения, происходящие в минералах при нагревании до 800° C. Приведены результаты, полученные при использовании ряда независимых методов исследования: дифференциально-термического анализа, рентгенофазового анализа, рентгеновской фотоэлектронной спектроскопии и электронной микроскопии
|
| 461 |
|
0 |
|0 (RuTPU)RU\TPU\prd\192
|t Известия вузов. Химия и химическая технология
|o научно-технический журнал
|f Министерство образования и науки Российской Федерации
|d 1958-
|
| 463 |
|
0 |
|0 (RuTPU)RU\TPU\prd\78623
|t Т. 46, № 2
|v С. 139-143, 178
|d 2003
|
| 610 |
1 |
|
|a труды учёных ТПУ
|
| 700 |
|
1 |
|a Годымчук
|b А. Ю.
|c специалист в области нанотехнологий и наноматериалов
|c доцент Томского политехнического университета, кандидат технических наук
|f 1978-
|g Анна Юрьевна
|x TPU
|y Томск
|3 (RuTPU)RU\TPU\pers\26193
|9 12001
|
| 701 |
|
1 |
|a Ильин
|b А. П.
|c российский ученый, специалист в области физической химии наноматериалов
|c профессор Томского политехнического университета, доктор физико-математических наук
|f 1949-
|g Александр Петрович
|3 (RuTPU)RU\TPU\pers\25487
|4 070
|
| 701 |
|
1 |
|a Верещагин
|b В. И.
|c химик-технолог
|c профессор Томского политехнического университета, доктор технических наук
|f 1942-
|g Владимир Иванович
|3 (RuTPU)RU\TPU\pers\19774
|4 070
|9 7712
|
| 801 |
|
1 |
|a RU
|b 63413507
|c 20100709
|
| 801 |
|
2 |
|a RU
|b 63413507
|c 20120503
|g RCR
|
| 942 |
|
|
|c BK
|